=LDR 00000nam 2200000 4500 =001 000703 =005 20250711030012 =035 ##$$a 0010-0725000571 =007 ta =008 250711################a##########0#ind## =020 ##$$a 978-623-307-271-2 =082 ##$$a 398.209 598 =084 ##$$a 398.209 598 BRO s =100 #$$a Browde daniel =245 1#$$a Singa selalu pemberani /$c Daniel browde =250 ##$$a Cetakan pertama =260 ##$$a Rawamangun :$b Badan pengembangan dan pusat bahasa,$c 2022 =300 ##$$a 20 hlm. : $b Ilus. ; $c 21 cm. =650 #4$$a Cerita anak indonesia-terjemahan =650 #4$$a Literasi-bahan bacaan =990 ##$$a TBM04770477